=LDR 00000nam 2200000 4500 =001 INLIS000000000009896 =005 20130612101646 =008 ***********************************Ind** =035 ##$$0010-061300000009896 =041 ##$$a Ind =082 ##$$a 2x1.45 =090 ##$$a 2x1.45, Ibr m =100 ##$$a Ibrahim, Syekh Abu Yogzhan =245 ##$$a Membuka jendela Al-Quran, Syekh Abu Yoqzhan Ibrahim =260 ##$$a 2002 $b Yogyakarta =300 ##$$a viii, 216 hlm, 21 cm =650 ##$$a Al-Quran-ayat Akhlak =850 ##$$a NBPNMAT